00936nam a2200229 i 4500001000300000100003100003245011500034260003200149300002800181504002400209521014500233650003600378650004300414655004200457020002300499040000800522041000800530080001100538080001800549008004100567856009800608bg1 aWojtuszkiewicz, Krzysztof.10aUrządzenia techniki komputerowej.nCz. 2,nUrządzenia peryferyjne i interfejsy /cKrzysztof Wojtuszkiewicz aWarszawa :b"Mikom",c2000. a169 s. :bil. ;c24 cm. aBibliogr. - Indeks. aDla słuchaczy szkół policealnych o specjalności technik informatyk, dla uczniów technikum o specjalności systemy mikroprocesorowe. 9aKomputeryxbudowa i organizacja 9aUrządzenia zewnętrzne komputerów aPodręczniki dla szkół zawodowych a8371582293 (cz. 2) cBPK0 apol a004.35 a(075.3.053.7) s pl f |000 0 pol  uhttp://koha.tu.koszalin.pl/cgi-bin/koha/opac-detail.pl?biblionumber=44006yKatalog online BPK